00967nam a2200253 a 450000100100000000500170001000800410002702000150006804000250008308200240010810000370013224501090016925000110027826000370028930000270032649000410035359000270039450400270042165000510044870000310049983000440053095201220057499900170069600002520320240302073950.0110211s2006 dr a 000 0 spa d a9993483478 aDO-SdBNPbspacBNPHU a920.72bS211C, 20061 aCassá, Roberto, d1948-91088810aMaría Trinidad Sánchez :bla heroína de febrero /cRoberto Cassá ; ilustraciones Ramiro Manzano. a2a ed. aSanto Domingo :bTobogan,c2006. a49 p. :bil. ;c21 cm.1 aBiografías dominicanas Tobogán ; aInventariado, 2018/ YL aBibliografía : p. 49 4aSánchez, maría trinidad,d1784-18459516811 aManzano, Ramiro,eil.9768 0aBiografías dominicanas Tobogán9769 0010718PDaPDbPDcHDd2011-02-11iLF1l0o920.72 S211C, 2006p25203-10r2020-06-25w2020-06-25yLFPDZNo se presta c24696d24696